Statistics /
Αποθηκεύτηκε σε:
| Κύριος συγγραφέας: | |
|---|---|
| Άλλοι συγγραφείς: | |
| Μορφή: | Sách giấy |
| Γλώσσα: | English |
| Έκδοση: |
San Francisco :
Dellen,
1979
|
| Ετικέτες: |
Προσθήκη ετικέτας
Δεν υπάρχουν, Καταχωρήστε ετικέτα πρώτοι!
|
| Thư viện lưu trữ: | Thư viện Trường Đại học Đà Lạt |
|---|
| LEADER | 00568nam a2200241 4500 | ||
|---|---|---|---|
| 001 | DLU020000602 | ||
| 005 | ##12/23/1998 | ||
| 041 | # | # | |a eng |
| 082 | # | # | |a 519.5 |b Mc-J |
| 100 | # | # | |a Mcclave, James T. |
| 245 | # | # | |a Statistics / |c James T. McClave, Frank H. Dietrich |
| 260 | # | # | |a San Francisco : |b Dellen, |c 1979 |
| 300 | # | # | |a X, 681 tr.; |c 24 cm. |
| 700 | # | # | |a Dietrich, Frank H. |
| 992 | # | # | |a 14000 |
| 994 | # | # | |a DLU |
| 900 | # | # | |a False |
| 911 | # | # | |a Administrator |
| 925 | # | # | |a G |
| 926 | # | # | |a A |
| 927 | # | # | |a SH |
| 980 | # | # | |a Thư viện Trường Đại học Đà Lạt |